Io Tarzan, tu Jane : manualetto d'amore e di sesso /
I tiakina i:
| Kaituhi matua: | |
|---|---|
| Hōputu: | Pukapuka |
| Reo: | Itāriana |
| I whakaputaina: |
Milano :
Zelig,
\1995!
|
| Rangatū: | Futura ;
4 |
| Ngā marau: | |
| Ngā Tūtohu: |
Kāore He Tūtohu, Me noho koe te mea tuatahi ki te tūtohu i tēnei pūkete!
|
MARC
| LEADER | 00000nam a22000007i 4500 | ||
|---|---|---|---|
| 001 | IT\ICCU\REA\0034913 | ||
| 003 | ItRI | ||
| 005 | 20260220184646.0 | ||
| 008 | 950705s1995 it |||||| ||||| |||||c | ||
| 015 | |2 IT |a 96-3613 | ||
| 020 | |a 8886471092 | ||
| 040 | |b ita |c ct | ||
| 041 | 7 | |a ita |2 ISO-639-2 | |
| 082 | |a 306.7 |2 20 | ||
| 100 | 1 | |a Paterlini, Piergiorgio |0 IT\ICCU\CFIV\048288 |4 aut | |
| 245 | 1 | 0 | |a Io Tarzan, tu Jane : |b manualetto d'amore e di sesso / |c Piergiorgio Paterlini. |
| 260 | |a Milano : |b Zelig, |c \1995! | ||
| 300 | |a 177 p. ; |c 22 cm. | ||
| 650 | 7 | |a Sesso | |
| 830 | 0 | |a Futura ; |v 4 |0 IT\ICCU\REA\0034914 | |
| 942 | |2 ddc |c BK | ||
| 952 | |0 0 |1 0 |2 ddc |4 0 |6 B_SSA07PATPIIOT11 |7 0 |9 8548 |a MI |b MI |d 2002-11-06 |i 4264 |l 0 |o B-SSA07-PATPI-IOT11 |p CDOM4264 |r 2025-07-17 21:50:30 |w 2025-07-17 |x DONO |y BK | ||
| 952 | |0 0 |1 0 |2 ddc |4 0 |6 B_SSA07PATPIIOT12 |7 0 |9 8549 |a MI |b MI |d 2012-03-13 |i 4014 |l 0 |o B-SSA07-PATPI-IOT12 |p CDOM4014 |r 2025-07-17 21:50:30 |w 2025-07-17 |x DONO |y BK | ||
| 952 | |0 0 |1 0 |4 0 |6 DOC_306_708000000000000_PAT |7 0 |9 17882 |a BO |b BO |d 2026-01-15 |i 3357 |l 0 |o DOC 306.708 PAT |p BO3357 |r 2026-01-15 23:19:47 |w 2026-01-15 |x [Sebina 5] [1 v.] |y BK |z 1 v. | ||
| 999 | |c 7121 |d 7121 | ||